| 000 | 05568cam a22007454i 4500 | ||
|---|---|---|---|
| 003 | PE-LiUPU | ||
| 005 | 20250731172907.0 | ||
| 008 | 170202s2011 mx a r 001 0 spa d | ||
| 020 |
_a9781575548906 _q(volumen 1) |
||
| 020 |
_a9781575549750 _q(volumen 2) |
||
| 020 |
_a1575549751 _q(volumen 2) |
||
| 035 | _a(Sirsi) a166710 | ||
| 040 |
_aPE-LiUPU _bspa _cPE-LiUPU _erda |
||
| 041 | 1 |
_aspa _heng |
|
| 049 | _aPRUA | ||
| 050 |
_aBS1556 _b.C53 2011 |
||
| 082 | 0 | 4 |
_a286 _bS56 _223 |
| 082 | 0 | 4 |
_a286.73205 _bCA _221 |
| 245 | 0 | 0 |
_aSimposio sobre Apocalípsís / _cFrank B. Holbrook, editor. |
| 250 | _aPrimera edición. | ||
| 264 | 1 |
_aMéxico, D.F. : _bGEMA Editores, _c2011. |
|
| 300 |
_axx, 575 páginas ; _c24 centímetros. |
||
| 336 |
_atext _2rdacontent |
||
| 337 |
_aunmediated _2rdamedia |
||
| 338 |
_avolume _2rdacarrier |
||
| 490 | 0 |
_aClásicos del Adventismo ; _v6 |
|
| 504 | _aÍndice : páginas 559-566. | ||
| 505 | 0 |
_gTomo 1, _aEstudios introductorios -- Principios fundamentales de interpretación -- Las ocho visiones básicas -- Escenas de "introducción victoriosa" -- Interpretación del simbolismo del Apocalipsis -- Tipología del santuario -- Relaciones entre Daniel y el Apocalipsis -- Tipología del santuario -- El uso de Daniel y el Apocalipsis en los escritos de Elena G. de White -- El uso de los escritos de Elena G. de White por parte del intérprete -- Estudios exegéticos -- Cuestione del Apocalipsis: Informe del CDA -- Sellos y trompetas: debates actuales -- Los siete sellos -- Los santos sellados y la tribulación -- El ángel fuerte y su mensaje -- Las profecías cronológicas de Daniel 12 y Apocalipsis 12-13. |
|
| 505 | 0 |
_gTomo 2, _aEstudio exegéticos -- La victoria escatológica de los santos sobre las fuerzas del mal -- La marca de la bestia -- Aproximación contextual a las siete plagas postreras -- Babilonia, imperio anticristiano -- ¿Representan las siete cabezas emperadores romanos? -- Las dos cenas -- El milenio -- La nueva Jerusalén, ciudad santa -- Santuario y juicio -- La iglesia remanente y el espíritu de profecía -- El papado moderno: alegatos y autoridad -- Armagedón: plagas sexta y sétima -- Himnos sabáticos para el santuario celestial -- Cristo, hijo del hombre y el cordero. |
|
| 526 | _aSEG42 | ||
| 526 | _aSEG41 | ||
| 526 | _aSEG40 | ||
| 526 | _aSEG39 | ||
| 526 | _aP94 | ||
| 526 | _aP87 | ||
| 526 | _aP86 | ||
| 526 | _aP85 | ||
| 526 | _aP77 | ||
| 526 | _aP76 | ||
| 526 | _aP35 | ||
| 534 |
_pTítulo Original : _tSymposium on revelation. |
||
| 630 | 0 | 4 |
_aBiblia. _pN.T. _pApocalípsis _vCrítica, interpretación, etc. |
| 700 | 1 |
_aHolbrook, Frank B., _eeditor. |
|
| 942 |
_2ddc _cBOOK |
||
| 994 |
_aC0 _bPEPRU |
||
| 596 | _a1 4 | ||
| 999 |
_a286 S56 2 _wDEWEY _c15447 _i75309 _d15447 _e2019-6-9 _f2021-11-11 _g6 _lCCODEBUL1 _mBUL _n15 _p22.62 _q10 _r0 _sY _tBOOK _u2017-2-2 _xTEOLOGIA _PP35 _0COMPRA _o.STAFF. Colección Teología |
||
| 999 |
_a286 S56 2 _wDEWEY _c2 _i75669 _d2022-6-6 _e2019-5-19 _f2021-11-11 _g6 _lCCODEBUL1 _mBUL _n5 _p22.62 _q8 _r0 _sY _tBOOK _u2017-2-3 _xTEOLOGIA _PP35 _0COMPRA _o.STAFF. Colección Teología |
||
| 999 |
_a286 S56 2 _wDEWEY _c3 _i75670 _d2019-6-28 _e2018-5-22 _f2021-11-11 _g6 _lCCODEBUL1 _mBUL _n10 _p22.62 _q10 _r0 _sY _tBOOK _u2017-2-3 _xTEOLOGIA _PP35 _0COMPRA _o.STAFF. Colección Teología |
||
| 999 |
_a286 S56 1 _wDEWEY _c1 _i75396 _d2022-7-7 _e2022-6-27 _f2021-11-11 _g5 _lCCODEBUL1 _mBUL _n15 _p22.62 _q11 _r0 _sY _tBOOK _u2017-2-3 _xTEOLOGIA _PP35 _0COMPRA _o.STAFF. Colección Teología |
||
| 999 |
_a286 S56 1 _wDEWEY _c2 _i75397 _d2018-11-16 _e2018-11-12 _f2021-11-11 _g5 _lCCODEBUL1 _mBUL _n2 _p22.62 _q3 _r0 _sY _tBOOK _u2017-2-3 _xTEOLOGIA _PP35 _0COMPRA _o.STAFF. Colección Teología |
||
| 999 |
_a286 S56 1 _wDEWEY _c3 _i75398 _d2019-8-14 _e2017-4-28 _f2021-11-11 _g5 _lCCODEBUL1 _mBUL _n1 _p22.62 _q12 _r0 _sY _tBOOK _u2017-2-3 _xTEOLOGIA _PP35 _0COMPRA _o.STAFF. Colección Teología |
||
| 999 |
_a286.73205 CA 6-I 2011 _wDEWEY _c1 _iCW00307 _f2021-12-22 _g2 _lCCODECWL1 _mBWL _r1 _sY _tBOOK _u2017-3-28 _xWHITE _zUNKNOWN _0COMPRA _o.STAFF. Centro White |
||
| 999 |
_a286.73205 CA 6-I 2011 _wDEWEY _c2 _iCW00305 _f2021-12-22 _g2 _lCCODECWL1 _mBWL _r1 _sY _tBOOK _u2017-3-28 _xWHITE _zUNKNOWN _0COMPRA _o.STAFF. Centro White |
||
| 999 |
_a286.73205 CA 6-I 2011 _wDEWEY _c3 _iCW00304 _lCRAI-HOUSE _mBWL _r1 _sY _tBOOK _u2017-3-28 _xWHITE _zUNKNOWN _0COMPRA _o.STAFF. Centro White |
||
| 999 |
_a286.73205 CA 6-I 2011 _wDEWEY _c4 _iCW00306 _f2021-12-22 _g2 _lCCODECWL1 _mBWL _r1 _sY _tBOOK _u2017-3-28 _xWHITE _zUNKNOWN _0COMPRA _o.STAFF. Centro White |
||
| 999 |
_a286.73205 CA 7-II 2011 _wLCPER _c1 _iCW00301 _f2021-12-22 _g2 _lCCODECWL1 _mBWL _p30.00 _r1 _sY _tBOOK _u2017-3-28 _xWHITE _zUNKNOWN _0COMPRA _o.STAFF. Centro White |
||
| 999 |
_a286.73205 CA 7-II 2011 _wLCPER _c2 _iCW00300 _f2021-12-22 _g2 _lCCODECWL1 _mBWL _r1 _sY _tBOOK _u2017-3-28 _xWHITE _zUNKNOWN _0COMPRA _o.STAFF. Centro White |
||
| 999 |
_a286.73205 CA 7-II 2011 _wLCPER _c3 _iCW00303 _lCRAI-HOUSE _mBWL _r1 _sY _tBOOK _u2017-3-28 _xWHITE _zUNKNOWN _0COMPRA _o.STAFF. Centro White |
||
| 999 |
_a286.73205 CA 7-II 2011 _wLCPER _c4 _iCW00302 _f2021-12-22 _g2 _lCCODECWL1 _mBWL _r1 _sY _tBOOK _u2017-3-28 _xWHITE _zUNKNOWN _0COMPRA _o.STAFF. Centro White |
||
| 999 |
_a286.73205 CA 7-II 2011 _wLCPER _c5 _iCW00016 _lCRAI-HOUSE _mBWL _r1 _sY _tBOOK _u2017-3-28 _xWHITE _zUNKNOWN _0COMPRA _o.STAFF. Centro White |
||
| 980 |
_81 _gALBERTO SANCHEZ Responsable de Automatización |
||